Science Quiz

Random Science or Animal Quiz

Bird by Beak Quiz Stats

 Plays Quiz Updated Jan 6, 2018

Also try: Name That Bird!
Challenge
Share
Tweet
Score 0/20 Timer 06:00
0 Plays Today
Hint Answer % Correct
Bald Eagle
97%
Duck
96.4%
Crow
95.1%
Toucan
94.8%
Macaw
93%
Flamingo
91.2%
Pelican
87.7%
Penguin
83.6%
Gull
83.5%
Woodpecker
82.9%
Hint Answer % Correct
Hummingbird
69.7%
Owl
67.5%
Kiwi
61.8%
Spoonbill
49.5%
Kingfisher
48.3%
Sparrow
47.9%
Pigeon
31.9%
Crossbill
19.5%
Curlew
16.2%
Avocet
13.4%

You're not logged in!

Compare scores with friends on all Sporcle quizzes.
OR
Log In

You Might Also Like...

Show Comments

Extras

Top Quizzes Today


Score Distribution

Your Account Isn't Verified!

In order to create a playlist on Sporcle, you need to verify the email address you used during registration. Go to your Sporcle Settings to finish the process.

Report this User

Report this user for behavior that violates our Community Guidelines.

Details: